Losowe europejskie miasto do państwa - Statystyki

Ogólne statystyki
  • Ten quiz został rozwiązany 6 050 razy
  • Średni wynik to 16 z 20
Statystyki odpowiedzi
Miasto Państwo % Poprawnych
Kraków Polska
98%
Lublin Polska
98%
Wrocław Polska
98%
Moskwa Rosja
98%
Praga Czechy
97%
Amsterdam Holandia
97%
Oslo Norwegia
97%
Bydgoszcz Polska
97%
Gdańsk Polska
97%
Łódź Polska
97%
Poznań Polska
97%
Warszawa Polska
97%
Londyn Wielka Brytania
97%
Rzym Włochy
97%
Zagrzeb Chorwacja
96%
Helsinki Finlandia
96%
Barcelona Hiszpania
96%
Berlin Niemcy
96%
Frankfurt Niemcy
96%
Hamburg Niemcy
96%
Szczecin Polska
96%
Lizbona Portugalia
96%
Kijów Ukraina
96%
Neapol Włochy
96%
Wenecja Włochy
96%
Bruksela Belgia
95%
Kopenhaga Dania
95%
Paryż Francja
95%
Ateny Grecja
95%
Madryt Hiszpania
95%
Dublin Irlandia
95%
Wilno Litwa
95%
Bratysława Słowacja
95%
Sztokholm Szwecja
95%
Stambuł Turcja
95%
Lwów Ukraina
95%
Liverpool Wielka Brytania
95%
Manchester Wielka Brytania
95%
Andora Andora
94%
Wiedeń Austria
94%
Mińsk Białoruś
94%
Sewilla Hiszpania
94%
Rotterdam Holandia
94%
Ryga Łotwa
94%
Dusseldorf Niemcy
94%
Monachium Niemcy
94%
Berno Szwajcaria
94%
Budapeszt Węgry
94%
Birmingham Wielka Brytania
94%
Mediolan Włochy
94%
Sofia Bułgaria
93%
Lyon Francja
93%
Kaliningrad Rosja
93%
Charków Ukraina
93%
Donieck Ukraina
93%
Florencja Włochy
93%
Nicea Francja
92%
Reykjavík Islandia
92%
Stuttgart Niemcy
92%
Porto Portugalia
92%
Saint Petersburg Rosja
92%
Newcastle Wielka Brytania
92%
Palermo Włochy
92%
Tallinn Estonia
91%
Marsylia Francja
91%
Bukareszt Rumunia
91%
Lublana Słowenia
91%
Zurych Szwajcaria
91%
Nottingham Wielka Brytania
91%
Bolonia Włochy
91%
Málaga Hiszpania
90%
Walencja Hiszpania
90%
Kolonia Niemcy
90%
Wołgograd Rosja
90%
Brighton Wielka Brytania
90%
Cardiff Wielka Brytania
90%
Glasgow Wielka Brytania
90%
Turyn Włochy
90%
Werona Włochy
90%
Tirana Albania
89%
Saint Étienne Francja
89%
Augsburg Niemcy
89%
Lipsk Niemcy
89%
Saarbrücken Niemcy
88%
Malmö Szwecja
88%
Dniepr Ukraina
88%
Leeds Wielka Brytania
87%
Southampton Wielka Brytania
87%
Sarajewo Bośnia i Hercegowina
86%
Bordeaux Francja
86%
Lille Francja
86%
Hanower Niemcy
86%
Belgrad Serbia
86%
Leicester Wielka Brytania
86%
Sheffield Wielka Brytania
86%
Podgorica Czarnogóra
85%
Ostrawa Czechy
85%
Kiszyniów Mołdawia
85%
Drezno Niemcy
85%
Norymberga Niemcy
85%
Kazań Rosja
85%
Edynburg Wielka Brytania
85%
Montpellier Francja
84%
Nantes Francja
84%
Rennes Francja
84%
Bilbao Hiszpania
84%
Valletta Malta
84%
Kursk Rosja
84%
Bournemouth Wielka Brytania
84%
Bergamo Włochy
84%
Saloniki Grecja
83%
Skopje Macedonia Północna
83%
Goteborg Szwecja
83%
Brema Niemcy
82%
Niżny Nowogród Rosja
82%
Ługańsk Ukraina
82%
Mariupol Ukraina
82%
Odessa Ukraina
82%
Granada Hiszpania
81%
Vaduz Liechtenstein
81%
Genewa Szwajcaria
81%
Zaporoże Ukraina
81%
Middlesbrough Wielka Brytania
81%
Saragossa Hiszpania
80%
Biełgorod Rosja
80%
Krasnodar Rosja
80%
Bristol Wielka Brytania
80%
Genua Włochy
80%
Antwerpia Belgia
79%
Clermont-Ferrand Francja
79%
Eindhoven Holandia
79%
Prisztina Kosowo
79%
Mannheim Niemcy
79%
Czelabińsk Rosja
79%
Cagliari Włochy
79%
Alicante Hiszpania
78%
Linz Austria
77%
Uljanowsk Rosja
77%
Mikołajów Ukraina
77%
Brno Czechy
76%
Tuluza Francja
75%
Valladolid Hiszpania
75%
Strasburg Francja
74%
Bazylea Szwajcaria
74%
Kingston-upon-Hull Wielka Brytania
74%
Swansea Wielka Brytania
74%
Tours Francja
73%
Palma Hiszpania
73%
Belfast Wielka Brytania
73%
Bari Włochy
73%
Jekaterynburg Rosja
71%
Metz Francja
70%
Utrecht Holandia
70%
Monte Carlo Monako
70%
Karlsruhe Niemcy
70%
Krzywy Róg Ukraina
70%
Rostów nad Donem Rosja
69%
Stawropol Rosja
69%
Padwa Włochy
69%
Liège Belgia
68%
Vigo Hiszpania
68%
Iwanovo Rosja
68%
Iżewsk Rosja
68%
Woroneż Rosja
68%
Brescia Włochy
68%
Stoke-on-Trent Wielka Brytania
67%
Nabiereżnyje Czełny Rosja
66%
Riazań Rosja
66%
Brunszwik Niemcy
65%
Machaczkała Rosja
64%
Katania Włochy
63%
Murcja Hiszpania
62%
Groningen Holandia
62%
Charleroi Belgia
61%
Rouen Francja
61%
Bielefeld Niemcy
61%
Warna Bułgaria
58%
Ufa Rosja
57%
Tulon Francja
56%
Astrachań Rosja
56%
Kirow Rosja
55%
Tuła Rosja
54%
Płowdiw Bułgaria
53%
Grenoble Francja
53%
Patras Grecja
52%
Winnica Ukraina
50%
Saratów Rosja
49%
Perm Rosja
48%
Samara Rosja
48%
Czeboksary Rosja
47%
Akwizgran Niemcy
46%
Konstanca Rumunia
46%
Lipieck Rosja
45%
Gandawa Belgia
39%
Tarent Włochy
39%
Homel Białoruś
37%
Twer Rosja
35%
Orenburg Rosja
34%
Murom Rosja
30%
Jassy Rumunia
26%
Penza Rosja
23%
Togliatti Rosja
21%
Nie znaleziono quizów pasujących do podanych kryteriów
Rozkład punktacji
Procent ludzi z każdym wynikiem
Percentyl według liczby udzielonych odpowiedzi
Twoja historia wyników
Nie rozwiązałeś tego quizu